01626nam a2200289 a 4500001001500000005001700015008004100032020002700073020003000100040000600130050001200136082002800148100001900176245005900195260003300254300001100287520071900298650001001017650002301027650002001050650002701070650001001097856008201107942001201189999001701201952011801218ASIN186064684020170105102925.0131211s2003 xxu eng d a1860646840 (paperback) a9781860646843 (paperback) a004aBP173.704a320.550917671bKEP 20031 aKepel, Gilles.10aJihad :bthe trail of political islam /cGilles Kepel. a[S.l.] :bI.B.Tauris,c2003. a364 p. aThe late 20th century saw the emergence of an unexpected and extraordinary phenomenon culminating in a devastating onslaught on the West in 2001: Islamist political movements. Beginning in the early 1970s, militants revolted against the regimes in power across the Muslim world and exacerbated political conflicts internationally. Their jihad - or "Holy Struggle" - aimed to establish a global Islamic state based solely on a strict interpretation of the Qur'an. "Jihad" is a comprehensive attempt to follow the history and spread of this new political-religious phenomenon. Gilles Kepel has travelled throughout the Muslim world gathering documents, interviews and archival material inaccessible to most scholars. 0aIslam 0aIslam and politics 0aIslam and state 0aIslamic fundamentalism 0aJihad403Amazon.comuhttp://www.amazon.com/exec/obidos/ASIN/1860646840/chopaconline-20 2ddccBK c15762d15762 001040708NFICaCIPSbCIPScGENd2013-10-02l0o320.550917671 KEP 2003pCIPS0002363r2013-12-11w2013-12-11yBK